<?xml version="1.0" encoding="UTF-8"?>
<record
    xmlns:xsi="http://www.w3.org/2001/XMLSchema-instance"
    xsi:schemaLocation="http://www.loc.gov/MARC21/slim http://www.loc.gov/standards/marcxml/schema/MARC21slim.xsd"
    xmlns="http://www.loc.gov/MARC21/slim">

  <leader>01695nam0a22003731  4500</leader>
  <controlfield tag="001">v19\rc\1504554</controlfield>
  <controlfield tag="005">20250618200211.0</controlfield>
  <datafield tag="035" ind1=" " ind2=" ">
    <subfield code="a">(NLR Aleph) 004687678</subfield>
  </datafield>
  <datafield tag="090" ind1=" " ind2=" ">
    <subfield code="a">3892802</subfield>
    <subfield code="c">3892802</subfield>
  </datafield>
  <datafield tag="100" ind1=" " ind2=" ">
    <subfield code="a">20060620d1883    |||y0rusy50      ca</subfield>
  </datafield>
  <datafield tag="101" ind1="1" ind2=" ">
    <subfield code="a">rus</subfield>
    <subfield code="c">ger</subfield>
  </datafield>
  <datafield tag="102" ind1=" " ind2=" ">
    <subfield code="a">RU</subfield>
  </datafield>
  <datafield tag="105" ind1=" " ind2=" ">
    <subfield code="a">a   z   |||||</subfield>
  </datafield>
  <datafield tag="200" ind1="1" ind2=" ">
    <subfield code="a">&#x411;&#x43E;&#x43B;&#x435;&#x437;&#x43D;&#x438; &#x449;&#x438;&#x442;&#x43E;&#x432;&#x438;&#x434;&#x43D;&#x43E;&#x439; &#x436;&#x435;&#x43B;&#x435;&#x437;&#x44B;</subfield>
    <subfield code="f">&#x41F;&#x440;&#x43E;&#x444;. &#x41B;&#x44E;&#x43A;&#x43A;&#x435; &#x432; &#x428;&#x442;&#x440;&#x430;&#x441;&#x431;&#x443;&#x440;&#x433;&#x435;</subfield>
    <subfield code="g">&#x41F;&#x435;&#x440;. &#x441; &#x43D;&#x435;&#x43C;. &#x434;-&#x440;&#x430; &#x43C;&#x435;&#x434;. &#x41D;.&#x41F;. &#x418;&#x432;&#x430;&#x43D;&#x43E;&#x432;&#x430;</subfield>
  </datafield>
  <datafield tag="210" ind1=" " ind2=" ">
    <subfield code="a">&#x421;&#x430;&#x43D;&#x43A;&#x442;-&#x41F;&#x435;&#x442;&#x435;&#x440;&#x431;&#x443;&#x440;&#x433;</subfield>
    <subfield code="c">&#x413;&#x43B;. &#x432;&#x43E;&#x435;&#x43D;.-&#x43C;&#x435;&#x434;. &#x443;&#x43F;&#x440;.</subfield>
    <subfield code="d">[1883]</subfield>
  </datafield>
  <datafield tag="215" ind1=" " ind2=" ">
    <subfield code="a">[2], 136 &#x441;.</subfield>
    <subfield code="c">&#x438;&#x43B;.</subfield>
    <subfield code="d">26</subfield>
  </datafield>
  <datafield tag="225" ind1="1" ind2=" ">
    <subfield code="a">&#x420;&#x443;&#x43A;&#x43E;&#x432;&#x43E;&#x434;&#x441;&#x442;&#x432;&#x43E; &#x43A; &#x43E;&#x431;&#x449;&#x435;&#x439; &#x438; &#x447;&#x430;&#x441;&#x442;&#x43D;&#x43E;&#x439; &#x445;&#x438;&#x440;&#x443;&#x440;&#x433;&#x438;&#x438; &#x441;&#x43E; &#x432;&#x43A;&#x43B;&#x44E;&#x447;&#x435;&#x43D;&#x438;&#x435;&#x43C; &#x442;&#x43E;&#x43F;&#x43E;&#x433;&#x440;&#x430;&#x444;&#x438;&#x447;&#x435;&#x441;&#x43A;&#x43E;&#x439; &#x430;&#x43D;&#x430;&#x442;&#x43E;&#x43C;&#x438;&#x438; &#x438; &#x443;&#x447;&#x435;&#x43D;&#x438;&#x44F; &#x43E;&#x431; &#x43E;&#x43F;&#x435;&#x440;&#x430;&#x446;&#x438;&#x44F;&#x445; &#x438; &#x43F;&#x43E;&#x432;&#x44F;&#x437;&#x43A;&#x430;&#x445;</subfield>
    <subfield code="v">&#x427;. 3. &#x422;. 1. &#x412;&#x44B;&#x43F;. 6</subfield>
  </datafield>
  <datafield tag="300" ind1=" " ind2=" ">
    <subfield code="a">&#x412;&#x44B;&#x43F;. &#x432;&#x44B;&#x448;&#x435;&#x43B; &#x432; &#x43E;&#x431;&#x449;. &#x43E;&#x431;&#x43B;. &#x441; &#x432;&#x44B;&#x43F;. 4-&#x43C; 1-&#x433;&#x43E; &#x442;. &#x447;. 4-&#x439;</subfield>
  </datafield>
  <datafield tag="311" ind1=" " ind2=" ">
    <subfield code="a">6-&#x435; &#x43F;&#x440;&#x438;&#x43B;. &#x43A; "&#x412;&#x43E;&#x435;&#x43D;.-&#x43C;&#x435;&#x434;. &#x436;&#x443;&#x440;&#x43D;." &#x437;&#x430; 1883 &#x433;.</subfield>
  </datafield>
  <datafield tag="320" ind1=" " ind2=" ">
    <subfield code="a">&#x411;&#x438;&#x431;&#x43B;&#x438;&#x43E;&#x433;&#x440;. &#x43A; &#x43E;&#x442;&#x434;&#x435;&#x43B;&#x44C;&#x43D;&#x44B;&#x43C; &#x433;&#x43B;&#x430;&#x432;&#x430;&#x43C;</subfield>
  </datafield>
  <datafield tag="422" ind1=" " ind2="0">
    <subfield code="1">2001#$a&#x412;&#x43E;&#x435;&#x43D;&#x43D;&#x43E;-&#x43C;&#x435;&#x434;&#x438;&#x446;&#x438;&#x43D;&#x441;&#x43A;&#x438;&#x439; &#x436;&#x443;&#x440;&#x43D;&#x430;&#x43B;$v1883</subfield>
    <subfield code="t">&#x412;&#x43E;&#x435;&#x43D;&#x43D;&#x43E;-&#x43C;&#x435;&#x434;&#x438;&#x446;&#x438;&#x43D;&#x441;&#x43A;&#x438;&#x439; &#x436;&#x443;&#x440;&#x43D;&#x430;&#x43B;</subfield>
  </datafield>
  <datafield tag="700" ind1=" " ind2="1">
    <subfield code="7">ca</subfield>
    <subfield code="8">rus</subfield>
    <subfield code="a">&#x41B;&#x44E;&#x43A;&#x435;</subfield>
    <subfield code="b">&#x413;. &#x410;.</subfield>
    <subfield code="f">1829-1894</subfield>
    <subfield code="g">&#x413;&#x435;&#x43E;&#x440;&#x433; &#x410;&#x43B;&#x44C;&#x431;&#x435;&#x440;&#x442;</subfield>
    <subfield code="9">243232</subfield>
    <subfield code="3">RU\NLR\AUTH\770243288</subfield>
  </datafield>
  <datafield tag="702" ind1=" " ind2="1">
    <subfield code="a">&#x418;&#x432;&#x430;&#x43D;&#x43E;&#x432;</subfield>
    <subfield code="b">&#x41D;.&#x41F;.</subfield>
    <subfield code="4">730</subfield>
  </datafield>
  <datafield tag="790" ind1=" " ind2="1">
    <subfield code="9">z01700</subfield>
    <subfield code="a">&#x41B;&#x44E;&#x43A;&#x43A;&#x435;</subfield>
    <subfield code="f">1829-1894</subfield>
  </datafield>
  <datafield tag="801" ind1=" " ind2="0">
    <subfield code="a">RU</subfield>
    <subfield code="b">NLR</subfield>
    <subfield code="g">psbo</subfield>
  </datafield>
  <datafield tag="801" ind1=" " ind2="0">
    <subfield code="a">RU</subfield>
    <subfield code="b">RuMoRGB</subfield>
    <subfield code="2">psbo</subfield>
  </datafield>
  <datafield tag="801" ind1=" " ind2="1">
    <subfield code="a">RU</subfield>
    <subfield code="b">ProSoft-M</subfield>
    <subfield code="2">rusmarc</subfield>
  </datafield>
  <datafield tag="852" ind1=" " ind2=" ">
    <subfield code="a">NLR</subfield>
    <subfield code="j">18.155.6.10(14)</subfield>
  </datafield>
  <datafield tag="852" ind1=" " ind2=" ">
    <subfield code="a">NLR</subfield>
    <subfield code="j">133/2022(14)</subfield>
  </datafield>
  <datafield tag="899" ind1=" " ind2=" ">
    <subfield code="a">RuMoRGB</subfield>
    <subfield code="j">E 99/166</subfield>
  </datafield>
  <datafield tag="899" ind1=" " ind2=" ">
    <subfield code="a">RuMoRGB</subfield>
    <subfield code="j">O 8/309</subfield>
  </datafield>
  <datafield tag="942" ind1=" " ind2=" ">
    <subfield code="c">BOOK</subfield>
  </datafield>
  <datafield tag="980" ind1=" " ind2=" ">
    <subfield code="a">NB</subfield>
  </datafield>
  <datafield tag="995" ind1=" " ind2=" ">
    <subfield code="5">2013-10-26</subfield>
    <subfield code="b">NLR02</subfield>
    <subfield code="c">NLR02</subfield>
    <subfield code="e">RFS</subfield>
    <subfield code="f">4687678-10</subfield>
    <subfield code="k">18.155.6.10(14)</subfield>
    <subfield code="o">0</subfield>
    <subfield code="r">BOOK</subfield>
    <subfield code="s">1815561014_</subfield>
  </datafield>
  <datafield tag="995" ind1=" " ind2=" ">
    <subfield code="5">2013-10-26</subfield>
    <subfield code="b">NLR02</subfield>
    <subfield code="c">NLR02</subfield>
    <subfield code="e">RFS</subfield>
    <subfield code="f">4687678-20</subfield>
    <subfield code="k">133/2022(14)</subfield>
    <subfield code="o">0</subfield>
    <subfield code="r">BOOK</subfield>
    <subfield code="s">133202214_</subfield>
  </datafield>
</record>
